000 00605nam a2200193 a 4500
001 000024970
005 20200930023500.0
008 110201s1968 xxu r 000 0 spa d
040 _aDO-SdBNP
_bspa
_cBNPHU
082 _ann*
_bnn*
245 0 0 _aRobert Lowell :
_ba collection of critical essays /
_cedición de Thomas Parkinson.
260 _aEstados Unidos :
_bPrentice-Hall,
_c1968.
300 _a176 p. ;
_c20 cm.
490 1 _aTwentieth century views
504 _aBibliografía : 175-176 p.
700 1 _aParkinson, Thomas,
_eed.
_951242
830 0 _aTwentieth century views
_99814
049 _aBNGR
999 _c24463
_d24463